Psycho-social aspects of stadium hooliganism

Bibliographic Details
Main Authors: Zieliński, Janusz dr (Author), Bajorek, Wojciech (Author)
Format: Article
Language:Slovak
English
PhysicalDescription:Grafy, tab.
ISSN:1336-8885
Subjects:
Online Access:http://search.proquest.com/pqcentral/docview/1439275965/142608BAEA96B7D06D5/13?accountid=58905

MARC

LEADER 00000nab a2200000 a 4500
001 vtls010565631
003 SK-MaSNL
005 20260304185232.0
008 250708 2013 xo f 000 0 slo
015 |a SNBRB2013/11  |2 lmaosk 
035 |a (uuid)1e40ce61-1c8e-492f-aab7-20e9a835be29 
035 |a urn:nbn:sk:snk-ababo1 
035 |a (urnnbn)urn:nbn:sk:snk:ar-a0ak8w 
040 |a SNKBUCL  |b slo  |c SNKBUCL  |e AACR2 
041 0 |a eng 
044 |a xo  |c SK 
080 |a 316.6  |2 2001 
080 |a 316.472.4  |2 2001 
080 |a (046)  |2 2001 
080 |a 796.332  |2 2001 
080 |a 343.343.3  |2 2001 
100 1 |a Zieliński, Janusz  |c dr  |4 aut  |9 1519593 
245 1 0 |a Psycho-social aspects of stadium hooliganism  |c Janusz Zieliński, Wojciech Bajorek 
300 |b Grafy, tab. 
500 |a Biogr. údaje 
504 |a Bibliogr. odkazy 
650 0 7 |a sociálna psychológia  |2 SNKPH  |9 1007 
650 0 7 |a interpersonálne vzťahy  |2 SNKPH  |9 3770 
650 0 7 |a futbalové chuligánstvo  |2 SNKPH  |9 182952 
650 0 7 |a agresia  |2 SNKbucl  |9 22522 
650 0 7 |a Social psychology  |2 SNKPHeng  |9 308216 
650 0 7 |a Interpersonal relations  |2 SNKPHeng  |9 278058 
650 0 7 |a Soccer hooliganism  |2 SNKPHeng  |9 336981 
655 7 |a články  |2 SNKPH  |9 70601 
655 7 |a Journal articles  |2 SNKPHeng  |9 279737 
700 1 |a Bajorek, Wojciech  |4 aut  |9 1519594 
773 0 |t Science & Military  |g Roč. 8, č. 1 (2013), s. 74-80  |x 1336-8885 
850 |a Slovenská národná knižnica 
852 |a Slovenská národná knižnica 
856 4 1 |u http://search.proquest.com/pqcentral/docview/1439275965/142608BAEA96B7D06D5/13?accountid=58905 
958 |a article14 
958 |a NB 
958 |a OND 
958 |a EUIPO 
999 |c 3041981  |d 3043911